LDR 00874naa#a2200193#i#450# 001 EN\\bibl\116961 005 20260429112022.3 011 ## _a1994-4683 100 ## _a20260429b2026####ek#y0engy0150####ca 102 ## _aRU 200 1# _aThe influence of coordination ability development level on the execution of "dynamic elements with rotation in jumps" in rhythmic gymnastics _eJournal article 210 1# _aMoscow _cNational State University of Physical Education, Sports and Health named after P.F. Lesgaft _d2026 215 ## _a6 с. 608 ## _aJournal article _2local 675 ## _aс гимнастическими снарядами, например с обручами, палками, скакалками. 796.412.24 _z 700 #1 _aSemibratova _gIrina Sergeevna 700 #1 _aVlasova _gYanina Aleksandrovna 700 #1 _aTkachuk _gArina Viacheslavovna 856 4# _auchzapiski.lesgaft.spb.ru _u